LEADER 01918oam 2200517z 450 001 9910164278403321 005 20251103225447.0 010 $a0-8031-5492-5 035 $a(CKB)3170000000044404 035 $a(SSID)ssj0001185748 035 $a(PQKBManifestationID)11766232 035 $a(PQKBTitleCode)TC0001185748 035 $a(PQKBWorkID)11215873 035 $a(PQKB)10544614 035 $a(EXLCZ)993170000000044404 100 $a20160829h20042004 uy 0 101 0 $aeng 181 $ctxt$2rdacontent 182 $cc$2rdamedia 183 $acr$2rdacarrier 200 00$aCrosslinked and thermally treated ultra-high molecular weight polyethylene for joint replacements /$fSteven M. Kurtz, Ray A. Gsell, and John Martell, editors 210 31$aWest Conshohocken, PA :$cASTM International,$d2004 210 4$aŠ2004 215 $a1 online resource (vi, 266 pages) $cillustrations 225 0 $aSTP Crosslinked and thermally treated ultra-high molecular weight polyethylene for joint replacements 300 $aBibliographic Level Mode of Issuance: Monograph 311 08$a0-8031-3474-6 606 $aOrthopedic implants$xMaterials$vCongresses 606 $aPolyethylene$xTherapeutic use$vCongresses 606 $aArtificial joints$vCongresses 606 $aBiomedical materials$vCongresses 606 $aImplants, Artificial$vCongresses 615 0$aOrthopedic implants$xMaterials 615 0$aPolyethylene$xTherapeutic use 615 0$aArtificial joints 615 0$aBiomedical materials 615 0$aImplants, Artificial 676 $a617.5/80592 702 $aMartell$b John$f1957- 702 $aGsell$b Ray A.$f1944- 702 $aKurtz$b Steven M.$f1968- 801 0$bPQKB 906 $aBOOK 912 $a9910164278403321 996 $aCrosslinked and thermally treated ultra-high molecular weight polyethylene for joint replacements$92847488 997 $aUNINA LEADER 00970nam 2200325 450 001 996681381303316 005 20251016122613.0 010 $a978-0-19-876624-7 100 $a20251016d2021----km y0itay5003 ba 101 0 $aeng 102 $aUS 105 $aaaa 001yy 200 1 $aFRCS trauma and orthopaedics viva$gedited by Nev Davies ...[et al.] 205 $a2. ed. 210 $aNew York, N.Y.$cOxford University Press$d2021 215 $a249 p.$cill.$d24 cm 225 2 $aOxford higher specialty training 410 0$1001$12001$aOxford higher specialty training 606 0 $aOrtopedia$2BNCF 606 0 $aTraumatologia$2BNCF 676 $a616.7 702 1$aDAVIES,$bNev 801 0$aIT$bcba$gREICAT 912 $a996681381303316 951 $a616.7 FRC 1$b4707 Med.$c616.7$d00338320 951 $a616.7 FRC 1 a$b4708 Med.$c616.7$d00338321 959 $aBK 969 $aMED 996 $aFRCS trauma and orthopaedics viva$94444599 997 $aUNISA